MARC details
| 000 -LEADER |
| fixed length control field |
01053nam a2200313#a 4500 |
| 001 - CONTROL NUMBER |
| control field |
01698 |
| 003 - CONTROL NUMBER IDENTIFIER |
| control field |
HDC |
| 007 - PHYSICAL DESCRIPTION FIXED FIELD--GENERAL INFORMATION |
| fixed length control field |
ta |
| 008 - FIXED-LENGTH DATA ELEMENTS--GENERAL INFORMATION |
| fixed length control field |
230623s2010 xx 000 0 eng d |
| 020 ## - INTERNATIONAL STANDARD BOOK NUMBER |
| International Standard Book Number |
9780470467183(hbk). |
| 040 ## - CATALOGING SOURCE |
| Original cataloging agency |
HDC |
| 050 ## - LIBRARY OF CONGRESS CALL NUMBER |
| Classification number |
HB615 |
| Item number |
.G665 2010 |
| 100 ## - MAIN ENTRY--PERSONAL NAME |
| Personal name |
Gordon, Michael E. |
| Fuller form of name |
(Michael Earl). |
| 240 ## - UNIFORM TITLE |
| Uniform title |
Trump University entrepreneurship one hundred and one. |
| 245 #0 - TITLE STATEMENT |
| Title |
Trump University entrepreneurship 101 : |
| Remainder of title |
how to turn your idea into a money machine / |
| Statement of responsibility, etc. |
Michael E. Gordon ; foreword and chapter 1 by Donald Trump. |
| 246 ## - VARYING FORM OF TITLE |
| Title proper/short title |
Trump University entrepreneurship one hundred one. |
| 250 ## - EDITION STATEMENT |
| Edition statement |
2nd ed. |
| 264 ## - PRODUCTION, PUBLICATION, DISTRIBUTION, MANUFACTURE, AND COPYRIGHT NOTICE |
| Place of production, publication, distribution, manufacture |
Hoboken, N.J. : |
| Name of producer, publisher, distributor, manufacturer |
John Wiley & Sons, |
| Date of production, publication, distribution, manufacture, or copyright notice |
c2010. |
| 300 ## - PHYSICAL DESCRIPTION |
| Extent |
xvii,278p. : |
| Other physical details |
ill. ; |
| Dimensions |
24cm. |
| 490 ## - SERIES STATEMENT |
| Series statement |
Trump university books. |
| 500 ## - GENERAL NOTE |
| General note |
Includes bibliographical references (p. 257-263) and index. |
| 650 ## - SUBJECT ADDED ENTRY--TOPICAL TERM |
| Topical term or geographic name entry element |
Entrepreneurship. |
| 650 ## - SUBJECT ADDED ENTRY--TOPICAL TERM |
| Topical term or geographic name entry element |
New business enterprises. |
| 700 ## - ADDED ENTRY--PERSONAL NAME |
| Personal name |
Trump, Donald, |
| Dates associated with a name |
1946- |
| 942 ## - ADDED ENTRY ELEMENTS (KOHA) |
| Source of classification or shelving scheme |
Library of Congress Classification |
| 942 ## - ADDED ENTRY ELEMENTS (KOHA) |
| Koha item type |
Book |
| 942 ## - ADDED ENTRY ELEMENTS (KOHA) |
| Call number prefix |
HB615 |
| 942 ## - ADDED ENTRY ELEMENTS (KOHA) |
| Call number suffix |
.G665 2010 |